000 01178nas a2200409 4500
001 BR0401841
003 BR-BrBNA
005 20231205104447.0
007 ta
008 230509b bl.|||p| |||| 00| 00por d
040 _aBR-BrBNA
_bpor
_cBiblioteca Nacional de Agricultura
041 _a(Pt)
072 _aL74; L73; L70
100 1 _aFighera, R.A.
100 1 _aRozza, D.B.
100 1 _aPiazer, J.V.
100 1 _aCopetti, M.V.
100 1 _aIrigoyen, L.F.
100 1 _aBarros, C.S.L.
245 1 _aPneumonia intersticial em bovinos associada à ingestão de batata-doce (Ipomoea batatas)mofada
650 _aBOVINO
650 _aGADO LEITEIRO
650 _aBATATA DOCE
650 _aIPOMOEA BATATAS
650 _aMOFO
650 _aFUNGO
650 _aFUSARIUM SOLANI
650 _aPNEUMONIA
650 _aINTOXICAÇÃO ALIMENTAR
650 _aDIAGNÓSTICO
650 _aHISTOLOGIA ANIMAL
650 _aMORTALIDADE ANIMAL
650 _aAUTÓPSIA
773 0 _tPesquisa Veterinária Brasileira (Brazil)
_xISSN 0100-736X
_g(Oct-Dec 2003), v. 23(4) p. 161-166
_wBR0401841
909 _a202311
_bLúcia
_c55
_dLúcia Elande
942 _2AGRIS
_n0
_cANA
999 _c178249
_d178249